00408cam a22001097a 4500008004000000082001800040245004600058260004200104300000900146500011100155700003200266180718b1955 xxu||||| |||| 00| 0 eng d aG295 L/55/I/7 aLoksabha debatescby Loksabha Secretariat aNew DelhibLoksabha Secretariatc1955 av.p. aContents: Library has Part i: Questions and answers, part ii: proceedings other than questions and answers aIndia. Loksabha Secretariat